000 00470cam a2200181ua 4500
001 21100
008 150709n2014 II |||gr||||Z||||||eng
040 _aMAIN
041 _aEnglish
082 _a920 HAZ
100 _aHAZARIKA, KARABI.
245 _aSTUDIES ON MODERN ASSAMESE WRITERS : BIRENDRA KUMAR BHATTACHARYYA
250 _a1ST.
260 _aGUWAHATI
_bPURBANCHAL PRAKASH
_c2014
300 _c20CM.
653 _aBiography, genealogy & insignia
942 _cBK
999 _c20960
_d20960